• 首页
  • 本馆介绍
  • 公告通知
  • 最新文献
  • 馆藏检索
  • 电子资源
  • 读者导购
  • 参考咨询
  • 我的图书馆
  • 登录
  • 详细信息显示
  • 放入我的书架
  • 预约/预借图书
  • 作者相关作品
  • 分类相关作品
  • 丛书相关作品
  • 出版社相关作品

书目信息

  • 表格格式
  • 工作单格式
  • 卡片格式
题名:
拖拉机的原理、构造和计算
    
 
作者: 卡列里斯基 , Карельскии 著 ;万欣 译
分册: 第二册  
出版信息: 北京   机械工业出版社  1956
页数: 3册(314,310,194页)
开本: 20cm
丛书名:
单 册:
中图分类: S219.0
科图分类:
主题词: 拖拉机
电子资源:
ISBN: 15033.3
000 00916cam0 2200289 450
001 0105407073
005 20080201103914.0
010    @a15033.3@dCNY1.50
091    @a15033.3@dCNY1.50
091    @a15033.3@dCNY1.64
091    @a15033.263@dCNY1.00
100    @a19970514d1956 em y0chiy0110 ea
101 1  @achi@crus
102    @aCN@b110000
105    @ay z 000yy
106    @ar
200 1  @a拖拉机的原理、构造和计算@9Tuo La Ji De;Di Yuan Li 、 Gou Zao He;Huo;Hu Ji Suan @f(苏)卡列里斯基(Д.К.Карельскии)等著@g万欣等译@b专著@h第二册
210    @a北京@c机械工业出版社@d1956
215    @a3册(314,310,194页)@d20cm
300    @a中等专业学校教学用书
606 0  @a拖拉机
690    @aS219.0@v3
701  1 @a卡列里斯基@9ka lie li si ji@bД.К.@4著
701  1 @aКарельскии@bД.К.@4著
702  0 @a万欣@9wan xin@4译
801  0 @aCN@bAiZhiMarc
905    @aBZT@dS219.0@e2@f1@sS219.0/2
    
    拖拉机的原理、构造和计算/(苏)卡列里斯基(Д.К.Карельскии)等著/万欣等译.第二册.-北京:机械工业出版社,1956
    3册(314,310,194页);20cm
    中等专业学校教学用书
    
    ISBN 15033.3:CNY1.50
    
●
相关链接 在五车中查询图书 在当当中查询图书 在豆瓣中查询图书


正题名:拖拉机的原理、构造和计算     索取号:S219.0/2         预约/预借

序号 登录号 条形码 馆藏地/架位号 状态 备注
1 2000079043   2000079043   旧书回溯/ [索取号:S219.0/2] 在馆    
山东省滨州职业学院图书馆 欢迎您!
大连网信软件有限公司© 版权所有